MCSE Windows 2000 professional / (Record no. 5535)
[ view plain ]
| 000 -LEADER | |
|---|---|
| fixed length control field | 00801nac a22002411u 4500 |
| 010 ## - LIBRARY OF CONGRESS CONTROL NUMBER | |
| LC control number | 00058960 |
| 020 ## - INTERNATIONAL STANDARD BOOK NUMBER | |
| International Standard Book Number | 1576107124 |
| 082 00 - DEWEY DECIMAL CLASSIFICATION NUMBER | |
| Classification number | 005.44769 |
| Item number | DAN |
| 090 ## - LOCALLY ASSIGNED LC-TYPE CALL NUMBER (OCLC); LOCAL CALL NUMBER (OCLC) | |
| -- | 5535 |
| -- | 5535 |
| 100 ## - MAIN ENTRY--PERSONAL NAME | |
| Personal name | Balter, Dan. |
| 245 00 - TITLE STATEMENT | |
| Title | MCSE Windows 2000 professional / |
| Statement of responsibility, etc | Dan Balter ...et al.]. |
| 260 ## - PUBLICATION, DISTRIBUTION, ETC. (IMPRINT) | |
| Place of publication, distribution, etc | Scottsdale, AZ : |
| Name of publisher, distributor, etc | Coriolis Group Books,c.2000. |
| Date of publication, distribution, etc | c.2000. |
| 300 ## - PHYSICAL DESCRIPTION | |
| Extent | xxxviii, 361 p. : |
| Other physical details | ill. ; |
| Dimensions | 23 cm. |
| 440 #0 - | |
| -- | Exam cram |
| 500 ## - GENERAL NOTE | |
| General note | Distributer : Al-Ahram. |
| 511 ## - PARTICIPANT OR PERFORMER NOTE | |
| Participant or performer note | Catalogued By : Mahitab. |
| 650 #0 - SUBJECT ADDED ENTRY--TOPICAL TERM | |
| Topical term or geographic name as entry element | Electronic data processing personnel |
| General subdivision | Certification. |
| 650 #0 - SUBJECT ADDED ENTRY--TOPICAL TERM | |
| Topical term or geographic name as entry element | Microsoft software |
| General subdivision | Examinations |
| Form subdivision | Study guides. |
| 700 1# - ADDED ENTRY--PERSONAL NAME | |
| Personal name | Holme, Dan. |
| 700 1# - ADDED ENTRY--PERSONAL NAME | |
| Personal name | Logan, Todd. |
| 700 1# - ADDED ENTRY--PERSONAL NAME | |
| Personal name | Salmon, Laurie. |
| 942 ## - ADDED ENTRY ELEMENTS (KOHA) | |
| Item type | Book - Borrowing |
| Call number prefix | 005.44769DAN |
| Withdrawn status | Item status | Damaged status | Not for loan | Home library | Current library | Shelving location | Date acquired | Source of acquisition | Total Checkouts | Full call number | Barcode | Date last seen | Koha item type |
|---|---|---|---|---|---|---|---|---|---|---|---|---|---|
| Central Library | Central Library | Lower Floor | 30/10/2007 | Purchase | 005.44769DAN | 000007016 | 15/07/2025 | Book - Borrowing |